Países por Sitios de Patrimonio Mundial de UNESCO - Estadísticas

Estadísticas generales
  • Esta prueba ha sido intentada 4.200 veces
  • La puntuación promedio es 18 de 25
Estadísticas de respuestas
Sitio País % Correcto
La Gran Muralla China
97%
Catedral de Notre-Dame Francia
97%
Taj Mahal India
96%
Pirámides de Guizeh Egipto
94%
Machu Picchu Perú
94%
Estatua de Libertad Estados Unidos
93%
Acrópolis Grecia
88%
Teotihuacán México
87%
Aldeas de Transilvania Rumania
85%
Kremlin y Plaza Roja Rusia
85%
Kyoto Antigua Japón
84%
Catedral de Colonia Alemania
80%
Petra Jordania
79%
La Gran Barrera Australia
76%
Parque Nacional de Iguazú Argentina
74%
Islas Galápagos Ecuador
72%
Torre de Hércules España
67%
Parque Nacional de Kilimanjaro Tanzania
67%
Ciudad de Potosí Bolivia
55%
Angkor Camboya
55%
Los Dolomitas Italia
44%
Parque Nacional Tikal Guatemala
31%
Tiro Líbano
25%
Masada Israel
23%
Pasargadas Irán
22%
No se encontraron pruebas coincidentes
Distribución de puntuación
Porcentaje de gente con cada puntuación
Porcentaje por número respondido
Historial de tus puntuaciones
No has intentado esta prueba.